[Event "Politiken Cup"]
[Site "Helsingor DEN"]
[Date "2009.07.26"]
[Round "10"]
[White "Zmylon,F"]
[Black "Andersen,Har"]
[Result "0-1"]
[WhiteElo "1707"]
[BlackElo "1901"]
[EventDate "2009.07.18"]

1. e4 e5 2. Nf3 Nc6 3. Bb5 a6 4. Bxc6 dxc6 5. d4 exd4 6. Qxd4 Qxd4 7. Nxd4
Nf6 8. O-O Bd7 9. Nc3 O-O-O 10. Be3 Ng4 11. Bf4 Bb4 12. Nce2 h6 13. c3 Bc5
14. b4 Ba7 15. a4 g5 16. Bd2 c5 17. Nb3 Be6 18. Nec1 cxb4 19. cxb4 Bc4 20.
Bc3 Rhe8 21. Nc5 Bxf1 22. Kxf1 Nxh2+ 23. Kg1 Ng4 24. N1d3 b6 0-1

[Event "Politiken Cup"]
[Site "Helsingor DEN"]
[Date "2009.07.26"]
[Round "10"]
[White "Jonsson,Ol"]
[Black "Rasmussen,O"]
[Result "1/2-1/2"]
[WhiteElo "1899"]
[BlackElo "1751"]
[EventDate "2009.07.18"]

1. e4 c5 2. Nf3 d6 3. d4 cxd4 4. Nxd4 Nf6 5. Nc3 a6 6. Bg5 e6 7. f4 Be7 8.
Qf3 Nc6 9. Nxc6 bxc6 10. O-O-O Qc7 11. e5 dxe5 12. fxe5 Nd5 13. Bxe7 Qxe7
14. Ne4 O-O 15. Bd3 Rb8 16. c3 Qh4 17. g3 Qh6+ 18. Kb1 Qe3 19. Qh5 g6 20.
Qh4 Kg7 21. Rhe1 Qh6 22. Qxh6+ Kxh6 23. Kc1 a5 24. Nd6 Kg7 25. Nxc8 Rfxc8
26. Be4 Nb6 27. Rd4 c5 1/2-1/2

[Event "Politiken Cup"]
[Site "Helsingor DEN"]
[Date "2009.07.26"]
[Round "10"]
[White "Eiholt,B"]
[Black "Moller,A"]
[Result "0-1"]
[WhiteElo "1678"]
[BlackElo "1860"]
[EventDate "2009.07.18"]

1. d4 Nf6 2. c4 e6 3. Nc3 Bb4 4. Qc2 c5 5. dxc5 Bxc5 6. Nf3 O-O 7. Bg5 a6
8. e3 Nc6 9. a3 h6 10. Bh4 Be7 11. Be2 b6 12. Rd1 Nh7 13. Bxe7 Qxe7 14. O-O
Bb7 15. Rd2 f5 16. Na4 b5 17. Nb6 Rad8 18. cxb5 axb5 19. Bxb5 Ng5 20. Bxc6
Bxc6 21. Ne5 Be4 22. Qc7 Nh3+ 23. Kh1 Qg5 24. f4 Qh5 25. Nf3 g5 26. Rxd7
Rxd7 27. Qxd7 gxf4 28. Qxe6+ Rf7 29. Qe8+ Kh7 30. Nc4 Bxf3 31. gxf3 fxe3
32. Nxe3 Nf4 33. b4 Ne2 34. Ng2 Ng3+ 35. Kg1 Nxf1 36. Kxf1 Qxf3+ 37. Kg1
Rg7 0-1

[Event "Politiken Cup"]
[Site "Helsingor DEN"]
[Date "2009.07.26"]
[Round "10"]
[White "Sorensen,JohnK"]
[Black "Astrom,L"]
[Result "1-0"]
[WhiteElo "1857"]
[BlackElo "1689"]
[EventDate "2009.07.18"]

1. d4 d5 2. Bf4 Nf6 3. e3 Bf5 4. Bd3 Bxd3 5. cxd3 c6 6. Nc3 Nbd7 7. h3 Qb6
8. Qd2 e6 9. Nge2 Be7 10. O-O O-O 11. a3 Rac8 12. b4 Qa6 13. Rfb1 b6 14. a4
Qb7 15. Ra2 Rfd8 16. Rab2 Nf8 17. e4 Ng6 18. Be3 e5 19. dxe5 Nxe5 20. f4
Ng6 21. e5 Ne8 22. d4 Bf8 23. Kh2 f5 24. Rg1 Nc7 25. Qd3 Ne7 26. g4 fxg4
27. Rxg4 Ne8 28. f5 Qd7 29. Ng3 Kh8 30. Bg5 c5 31. bxc5 bxc5 32. Rh4 Nc6
33. e6 Qc7 34. Nb5 Qb7 35. f6 Nxf6 36. Rf2 Nxd4 37. Rxf6 gxf6 38. Bxf6+ Kg8
39. Rg4+ Bg7 40. e7 Ne6 41. exd8=Q+ Rxd8 42. Bxd8 Nxd8 43. Nf5 Ne6 44. Qg3
Kh8 45. Nxg7 Nxg7 46. Qe5 a6 47. Nc7 1-0

[Event "Politiken Cup"]
[Site "Helsingor DEN"]
[Date "2009.07.26"]
[Round "10"]
[White "Nielsen,Pa"]
[Black "Jensen,Ha"]
[Result "1-0"]
[WhiteElo "1877"]
[BlackElo "1620"]
[EventDate "2009.07.18"]

1. c4 e5 2. Nc3 Nc6 3. e3 Nf6 4. d4 exd4 5. exd4 Be7 6. Nf3 O-O 7. d5 Nb4
8. a3 Na6 9. b4 b6 10. Bd3 Re8 11. O-O c5 12. b5 Nb8 13. Qc2 d6 14. Bb2 h6
15. h3 Nbd7 16. Ne2 Bf8 17. Ng3 Ne5 18. Nxe5 dxe5 19. Rfe1 Bd6 20. Re2 Qc7
21. Rae1 a6 22. a4 a5 23. f4 e4 24. Bxf6 Bxf4 25. Nxe4 Bf5 26. Bh4 g5 27.
Nf6+ 1-0

[Event "Politiken Cup"]
[Site "Helsingor DEN"]
[Date "2009.07.26"]
[Round "10"]
[White "Schmidt,Ho DEN"]
[Black "Kristensen,S"]
[Result "1-0"]
[WhiteElo "1875"]
[BlackElo "1565"]
[EventDate "2009.07.18"]

1. e4 c5 2. Nc3 d6 3. Nf3 Nf6 4. Bc4 e6 5. O-O Be7 6. d4 cxd4 7. Nxd4 O-O
8. Be3 Qc7 9. Bd3 a6 10. Kh1 d5 11. exd5 exd5 12. Qf3 Bg4 13. Nxd5 Qxh2+
14. Kxh2 Bd6+ 15. Kg1 Bxf3 16. Nxf6+ gxf6 17. Nxf3 Nc6 18. Bh6 1-0